=LDR 00000nam 2200000 4500 =001 INLIS000000000053185 =005 20180423095447 =035 ##$$a 0010-0418000076 =007 ta =008 180423###########################0###### =020 ##$$a 978-979-092-602-8 =082 ##$$a 510. 7 =084 ##$$a 510. 7 SHA j =100 #$$a Sharma =245 1#$$a Jelajah Matematika SMA kelas XII Program Wajib /$c Sharma =250 ##$$a Cet.1 =260 ##$$a Jakarta :$b Yudistira,$c 2015 =300 ##$$a 90 hlm : $b ilus ; $c 27 cm =650 ##$$a Matematika - Studi & pengajaran =700 #$$a Adam Rhmatul Kamal =700 #$$a Nikenasih Binatari =504 ##$$a Bibliografi : hlm. 91 =990 ##$$a 71597159 =990 ##$$a 71617161 =990 ##$$a 71617161 =990 ##$$a 71617161 =990 ##$$a 21711244 =990 ##$$a 03201807159 =990 ##$$a 01201807161 =990 ##$$a 01201807162 =990 ##$$a 21711245 =990 ##$$a 03201807159 =990 ##$$a 01201807161 =990 ##$$a 21711244 =990 ##$$a 21711246 =990 ##$$a 03201807159 =990 ##$$a 21711245 =990 ##$$a 21711244